ბათუმის შოთა რუსთაველის სახელმწიფო უნივერსიტეტის ბიბლიოთეკა

აკაკი შანიძე : (ბიბ.ჩანაწერი № 55744)

000 -ლიდერი
ფიქსირებული სიგრძის საკონტროლო ველი 00969nam a2200229Ia 4500
001 - საკონტროლო ნომერი
საკონტროლო ველი 22839
003 - საკონტროლო ნომრის იდენტიფიკატორი
საკონტროლო ველი GE_BSU
005 - ბოლო ოპერაციის თარიღი და დრო
საკონტროლო ველი 20230522111159.0
008 - ფიქსირებული სიგრძის მონაცემთა ელემენტები - ზოგადი ინფორმაცია
ფიქსირებული სიგრძის საკონტროლო ველი 181216s ||||ge |||||||||||||| ||geo||
040 ## - კატალოგიზაციის წყარო
Transcribing agency GE_BSU
041 ## - ენის კოდი
Language code of text/sound track or separate title geo
080 ## - უნივერსალური ათობითი კლასიფიკაციის ინდექსი
Universal Decimal Classification number 81(479.22)(092) ძ-63
100 ## - მთავარი ჩანაწერი - პიროვნების სახელი
Personal name ძიძიგური, შ.
9 (RLIN) 18169
245 ## - ცნობა სათაურის შესახებ
Title აკაკი შანიძე :
Remainder of title მონოგრაფია /
Statement of responsibility, etc შ. ძიძიგური ; რედ. ს.ჟღენტი ; მხატვ. ჯ.ყავლაშვილი.
264 ## - წარმოების, გამოცემის, დისტრიბუციის და სხვა ცნობები
გამოცემის, წარმოების, დისტრიბუციის... ადგილი თბილისი :
გამოცემის, წარმოების, დისტრიბუციის... სახელწოდება ნაკადული,
გამოცემის, წარმოების, დისტრიბუციის... თარიღი 1963.
300 ## - ფიზიკური აღწერა
Extent 93 გვ. :
Other physical details 1 ფურც. პორტრ. ;
Dimensions 20 სმ.
653 ## - INDEX TERM--UNCONTROLLED
Uncontrolled term აკაკი შანიძე : [მონოგრაფია]
700 ## - ADDED ENTRY--PERSONAL NAME
Personal name ჟღენტი, ს.
Relator term რედაქტორი
9 (RLIN) 18170
700 ## - ADDED ENTRY--PERSONAL NAME
Personal name ყავლაშვილი, ჯ.
Relator term მხატვარი
9 (RLIN) 5903
942 ## - ADDED ENTRY ELEMENTS (KOHA)
Koha item type წიგნი
Source of classification or shelving scheme
ეგზემპლარები
ჩამოწერის სტატუსი დაკარგული ეგზემპლარის სტატუსი კლასიფიკაციის წყარო ან თაროზე გაწყობის სქემა დაზიანების სტატუსი არ გაიცემა მუდმივი მდებარეობა (დაცვის ადგილი) ამჟამინდელი ადგილსამყოფელი თაროზე განთავსების ადგილი შეძენის თარიღი ღირებულება, შესყიდვის ნორმალური ფასი სრული შენახვის შიფრი შტრიხკოდი ბოლო ოპერაციის თარიღი ეგზემპლარის მიმდევრობითი ნომერი (კეტერი?) ფასის ძალაში შესვლის თარიღი ეგზემპლარის სახეობა საჯარო შენიშვნა
          ბათუმის შოთა რუსთაველის სახელმწიფო უნივერსიტეტის მთავარი ბიბლიოთეკა ბათუმის შოთა რუსთაველის სახელმწიფო უნივერსიტეტის მთავარი ბიბლიოთეკა წიგნსაცავი 2018-12-17 0.44 81(479.22)(092) ძ-63 58286 2018-12-17 58286 2018-12-17 წიგნი 0.44 ₾.
          ბათუმის შოთა რუსთაველის სახელმწიფო უნივერსიტეტის მთავარი ბიბლიოთეკა ბათუმის შოთა რუსთაველის სახელმწიფო უნივერსიტეტის მთავარი ბიბლიოთეკა წიგნსაცავი 2018-12-17 0.44 81(479.22)(092) ძ-63 58287 2018-12-17 58287 2018-12-17 წიგნი 0.44 ₾.
          ბათუმის შოთა რუსთაველის სახელმწიფო უნივერსიტეტის მთავარი ბიბლიოთეკა ბათუმის შოთა რუსთაველის სახელმწიფო უნივერსიტეტის მთავარი ბიბლიოთეკა წიგნსაცავი 2018-12-17 0.44 81(479.22)(092) ძ-63 58288 2018-12-17 58288 2018-12-17 წიგნი 0.44 ₾.
          ბათუმის შოთა რუსთაველის სახელმწიფო უნივერსიტეტის მთავარი ბიბლიოთეკა ბათუმის შოთა რუსთაველის სახელმწიფო უნივერსიტეტის მთავარი ბიბლიოთეკა წიგნსაცავი 2018-12-17 0.44 81(479.22)(092) ძ-63 58289 2018-12-17 58289 2018-12-17 წიგნი 0.44 ₾.